000 00565nam 22002053 4500
001 198898
010 _a972-8387-79-2
021 _aPT
_b213702/04
090 _a198898
100 _a20251107d u||y0pory50 ba
200 _aVieira Portuense
_fPaulo Varela Gomes
210 _aLisboa
_cINAPA
_dD. L. 2004
215 _a140, [4] p.
_cil. ; encadernado
_d29 cm
225 _aPintores portugueses
606 _92477
_aPintura
_xPintores
675 _a75
_vPT
_zpor
700 _911018
_aGomes
_bPaulo Varela
_f1952-2016
801 _aPT
_bBMMN
_gRPC
830 _cVanda
990 _cLIVROS